Society and religion under the pratiharas (Record no. 20230)
[ view plain ]
| 000 -LEADER | |
|---|---|
| fixed length control field | 00719nam a2200217Ia 4500 |
| 082 ## - DEWEY DECIMAL CLASSIFICATION NUMBER | |
| Classification number | TP.0266 |
| 100 ## - MAIN ENTRY--AUTHOR NAME | |
| Personal name | Pandey, Ramjanam |
| 245 #0 - TITLE STATEMENT | |
| Title | Society and religion under the pratiharas |
| 250 ## - EDITION STATEMENT | |
| Edition statement | Banaras Hindu University |
| 260 ## - PUBLICATION, DISTRIBUTION, ETC. (IMPRINT) | |
| Year of publication | 1988 |
| 300 ## - PHYSICAL DESCRIPTION | |
| Number of Pages | 485p. + C D - 47 |
| 650 ## - SUBJECT ADDED ENTRY--TOPICAL TERM | |
| Topical Term | RELIGION AND SOCIAL PROBLEMS//RELIGION AND SOCIOLOGY |
| 650 ## - SUBJECT ADDED ENTRY--TOPICAL TERM | |
| Topical Term | RELIGION AND SOCIAL PROBLEMS//RELIGION AND SOCIOLOGY |
| 650 ## - SUBJECT ADDED ENTRY--TOPICAL TERM | |
| Topical Term | RELIGION AND SOCIOLOGY - INDIA |
| 650 ## - SUBJECT ADDED ENTRY--TOPICAL TERM | |
| Topical Term | GURJARA-PRATIHARA DYNASTY |
| 650 ## - SUBJECT ADDED ENTRY--TOPICAL TERM | |
| Topical Term | PRATIHARAS//GURJARA-PRATIHARA DYNASTY |
| 650 ## - SUBJECT ADDED ENTRY--TOPICAL TERM | |
| Topical Term | PRATHIHARAS//GURJARA-PRATIHARA DYNASTY |
| 650 ## - SUBJECT ADDED ENTRY--TOPICAL TERM | |
| Topical Term | RELIGION AND SOCIETY//RELIGION AND SOCIOL |
| 710 ## - ADDED ENTRY--CORPORATE NAME | |
| Corporate name or jurisdiction name as entry element | Mishra, Jai Shankar |
| 942 ## - ADDED ENTRY ELEMENTS (KOHA) | |
| Koha item type | Thesis |
| Source of classification or shelving scheme | Dewey Decimal Classification |
| Withdrawn status | Lost status | Damaged status | Not for loan | Home library | Current library | Date acquired | Bill Date | Full call number | Accession Number | Price effective from | Koha item type |
|---|---|---|---|---|---|---|---|---|---|---|---|
| NASSDOC Library | NASSDOC Library | 08/10/2004 | 2008-12-30 | TP.0266 | 32650 | 18/04/2019 | Thesis |
